[Event "OLNN 2223 SC Diogenes - Lübecker SV"]
[Site "?"]
[Date "2022.11.27"]
[Round "2.7"]
[White "Lampe, Dirk"]
[Black "Laqua, Christian"]
[Result "1-0"]
[WhiteElo "2159"]
[BlackElo "2096"]
[PlyCount "135"]
[EventDate "2022.??.??"]

1. e4 Nf6 2. e5 Nd5 3. d4 d6 4. Nf3 dxe5 5. Nxe5 c6 6. Be2 Bf5 7. O-O Nd7 8. Nf3 e6 9. c4 N5f6 10. Nh4 Bxb1 11. Rxb1 Bd6 12. g3 O-O 13. Qc2 c5 14. dxc5 Bxc5 15. b4 Be7 16. Rd1 Qc8 17. Bb2 Rd8 18. Qb3 Qc7 19. Qe3 Ne8 20. c5 Bf6 21. Nf3 Bxb2 22. Rxb2 Ndf6 23. Rc1 Nd5 24. Qe5 a6 25. a3 Ne7 26. Qxc7 Nxc7 27. Ne5 Ncd5 28. Nc4 Rac8 29. Rd1 Nc3 30. Rxd8+ Rxd8 31. Bf3 Ncd5 32. Rd2 Rc8 33. Nd6 Rc7 34. Nc4 Kf8 35. Kf1 Rd7 36. Ke1 Ke8 37. h4 Rc7 38. Be4 h6 39. Bf3 Kf8 40. Bg2 g6 41. Bf3 Ke8 42. Rd3 Kf8 43. Kd2 Kg7 44. Ne3 Rd7 45. Nxd5 exd5 46. Re3 Kf6 47. Bg4 Rd8 48. f4 Rg8 49. Re1 g5 50. fxg5+ hxg5 51. Rf1+ Kg6 52. hxg5 Rg7 53. Re1 Nc6 54. Bc8 f5 55. gxf6 Kxf6 56. Re6+ Kf7 57. Rd6 Rxg3 58. Bxb7 Ne7 59. Rxa6 d4 60. Be4 Re3 61. Bd3 Rh3 62. b5 Rh2+ 63. Ke1 Rh1+ 64. Ke2 Rh3 65. Rd6 Rh5 66. c6 Rc5 67. Kd2 Nd5 68. Rxd5 1-0

[Event "OLNN 2223 SC Diogenes - Lübecker SV"]
[Site "?"]
[Date "2022.11.27"]
[Round "2.8"]
[White "Apitzsch, Leon Fabian"]
[Black "Bosselmann, Tom Linus"]
[Result "1/2-1/2"]
[WhiteElo "1990"]
[BlackElo "2110"]
[PlyCount "70"]
[EventDate "2022.??.??"]

1. e4 c5 2. Nc3 a6 3. a4 Nc6 4. g3 g6 5. Bg2 Bg7 6. Nge2 e6 7. d3 Nge7 8. Be3 Nd4 9. O-O O-O 10. f4 d6 11. Bxd4 cxd4 12. Nb1 Rb8 13. Nd2 b5 14. axb5 Rxb5 15. Ra2 Qc7 16. Qb1 Bb7 17. Rc1 Rc8 18. Ra3 Nc6 19. Rb3 Rc5 20. Nc4 d5 21. exd5 exd5 22. Rxb7 Qxb7 23. Nd6 Qc7 24. Nxc8 Qxc8 25. c3 Ne7 26. b4 Rc7 27. cxd4 Bxd4+ 28. Kf1 Ba7 29. Ke1 Qb8 30. Rxc7 Qxc7 31. Qb2 Qb6 32. d4 Nc6 33. Bxd5 Nxd4 34. Qxd4 Qxd4 35. Nxd4 Bxd4 1/2-1/2

[Event "OLNN 2223 SC Königsspringer HH - Schac"]
[Site "?"]
[Date "2022.12.11"]
[Round "3.1"]
[White "Ritscher, Jan-Paul"]
[Black "Zimmermann, Julian"]
[Result "0-1"]
[WhiteElo "2272"]
[BlackElo "2288"]
[PlyCount "42"]
[EventDate "2022.??.??"]

1. d4 Nf6 2. c4 e6 3. Nc3 Bb4 4. Qc2 b6 5. e4 c5 6. d5 exd5 7. exd5 O-O 8. Bf4 Re8+ 9. Be2 b5 10. O-O-O bxc4 11. Bxc4 Ba6 12. Nb5 Re4 13. Bg5 Qb6 14. a4 Re8 15. d6 Bxb5 16. axb5 a6 17. Bxf6 axb5 18. Qf5 Bd2+ 19. Kxd2 bxc4 20. Be7 Qxb2+ 21. Qc2 c3+ 0-1

[Event "OLNN 2223 SC Königsspringer HH - Schac"]
[Site "?"]
[Date "2022.12.11"]
[Round "3.2"]
[White "Weber, Max"]
[Black "Hermesmann, Hans"]
[Result "1-0"]
[WhiteElo "2270"]
[BlackElo "2213"]
[PlyCount "47"]
[EventDate "2022.??.??"]

1. Nf3 f5 2. c4 e6 3. g3 Nf6 4. Bg2 d5 5. O-O Bd6 6. d4 c6 7. Nc3 O-O 8. Qc2 Ne4 9. Rb1 b6 10. b4 Nd7 11. Be3 Bb7 12. c5 Bc7 13. Nxe4 fxe4 14. Ng5 Qe7 15. f3 h6 16. Nh3 exf3 17. exf3 bxc5 18. bxc5 Ba6 19. Rfe1 e5 20. dxe5 Nxe5 21. Bd4 Qf6 22. Qc3 Nxf3+ 23. Bxf3 Qxf3 24. Re7 1-0

[Event "OLNN 2223 SC Königsspringer HH - Schac"]
[Site "?"]
[Date "2022.12.11"]
[Round "3.3"]
[White "Andersen, Jens Knud"]
[Black "Borgmeyer, Max"]
[Result "0-1"]
[WhiteElo "2167"]
[BlackElo "2199"]
[PlyCount "66"]
[EventDate "2022.??.??"]

1. d4 Nf6 2. Nf3 e6 3. Bf4 b6 4. e3 Bb7 5. Bd3 c5 6. Nc3 a6 7. e4 cxd4 8. Nxd4 d6 9. Be3 Be7 10. O-O Nbd7 11. f4 Qc7 12. Qe2 b5 13. Bf2 b4 14. Na4 Nc5 15. Nxc5 dxc5 16. Nb3 c4 17. Bxc4 Nxe4 18. Bd4 O-O 19. Bd3 f5 20. Nd2 Bc5 21. Bxc5 Qxc5+ 22. Kh1 Nxd2 23. Qxd2 Rf6 24. Qf2 Qc6 25. Qf3 Qc7 26. Qe3 Rg6 27. Rf2 Bd5 28. Be2 Qxc2 29. Bf3 Qc6 30. Rc1 Qb7 31. Rfc2 Bxf3 32. gxf3 Rd8 33. Rc7 Qxc7 0-1

[Event "OLNN 2223 SC Königsspringer HH - Schac"]
[Site "?"]
[Date "2022.12.11"]
[Round "3.4"]
[White "Wagner, Friedrich"]
[Black "Bokelbrink, Uwe"]
[Result "1/2-1/2"]
[WhiteElo "2141"]
[BlackElo "2235"]
[PlyCount "74"]
[EventDate "2022.??.??"]

1. c4 c6 2. Nf3 d5 3. g3 Nf6 4. Bg2 Bg4 5. Ne5 Bf5 6. cxd5 cxd5 7. Qa4+ Nbd7 8. Nc3 Qc7 9. d4 e6 10. Bf4 Qb6 11. O-O Qb4 12. Nxd7 Nxd7 13. Qxb4 Bxb4 14. Nb5 O-O 15. Bd6 Bxd6 16. Nxd6 Bg6 17. Rac1 Nf6 18. b3 b6 19. Rc6 Rfd8 20. Rfc1 Kf8 21. Rc8 Raxc8 22. Rxc8 Ke7 23. Rxd8 Kxd8 24. Nb5 a6 25. Nc3 Kc7 26. Kf1 b5 27. b4 Ne4 28. Bxe4 dxe4 29. Ke1 f5 30. Kd2 Be8 31. h4 h6 32. f3 exf3 33. exf3 Kd6 34. Ke3 g5 35. hxg5 hxg5 36. f4 g4 37. a3 Bc6 1/2-1/2

[Event "OLNN 2223 SC Königsspringer HH - Schac"]
[Site "?"]
[Date "2022.12.11"]
[Round "3.5"]
[White "Zimmermann, Martin"]
[Black "Langmann, Markus"]
[Result "1/2-1/2"]
[WhiteElo "2145"]
[BlackElo "2070"]
[PlyCount "43"]
[EventDate "2022.??.??"]

1. d4 d5 2. Nf3 Nf6 3. e3 e6 4. c4 dxc4 5. Bxc4 a6 6. O-O c5 7. dxc5 Qxd1 8. Rxd1 Bxc5 9. a3 b5 10. Be2 Bb7 11. b4 Bb6 12. Bb2 Nbd7 13. Nbd2 O-O 14. Rac1 Rac8 15. Nd4 Rfd8 16. Bf3 Nd5 17. Ne4 Rxc1 18. Rxc1 Ne5 19. Nc5 Bxc5 20. bxc5 Nxf3+ 21. gxf3 Ne7 22. f4 {(=)} 1/2-1/2

[Event "OLNN 2223 SC Königsspringer HH - Schac"]
[Site "?"]
[Date "2022.12.11"]
[Round "3.6"]
[White "Harder, Clemens"]
[Black "Gremmel, Jonas Simon"]
[Result "1/2-1/2"]
[WhiteElo "2148"]
[BlackElo "2053"]
[PlyCount "74"]
[EventDate "2022.??.??"]

1. d4 d5 2. c4 e6 3. Nc3 Nf6 4. cxd5 exd5 5. Bg5 Be7 6. e3 c6 7. Bd3 Bg4 8. Qc2 Nbd7 9. f3 Bh5 10. Nge2 Bg6 11. O-O O-O 12. Bxg6 hxg6 13. Rad1 Nb6 14. e4 Re8 15. e5 Nfd7 16. Bc1 Nf8 17. f4 c5 18. Kh1 cxd4 19. Nxd4 Qd7 20. Qb3 Rad8 21. Ndb5 a6 22. Nxd5 Nxd5 23. Nc3 Qc6 24. Rxd5 Rxd5 25. Qxd5 Qxd5 26. Nxd5 Bc5 27. g3 Ne6 28. Be3 Rd8 29. Bxc5 Rxd5 30. Be3 g5 31. Kg2 gxf4 32. gxf4 g5 33. fxg5 Rxe5 34. Rf3 Ra5 35. a3 Rb5 36. b4 a5 37. g6 fxg6 1/2-1/2

[Event "OLNN 2223 SC Königsspringer HH - Schac"]
[Site "?"]
[Date "2022.12.11"]
[Round "3.7"]
[White "Kull, Florian"]
[Black "Raider, Eugen"]
[Result "0-1"]
[WhiteElo "2117"]
[BlackElo "2023"]
[PlyCount "66"]
[EventDate "2022.??.??"]

1. Nf3 e6 2. d4 c5 3. c4 cxd4 4. Nxd4 a6 5. g3 h5 6. Bg2 h4 7. Nc3 h3 8. Bf3 Ne7 9. O-O Nbc6 10. b3 d6 11. Bb2 e5 12. Nxc6 bxc6 13. e4 Be6 14. Qd2 Ra7 15. Qe3 Nc8 16. c5 f6 17. Rfd1 Rd7 18. cxd6 Bxd6 19. Na4 O-O 20. Qe2 Nb6 21. Qxa6 Nxa4 22. Qxa4 Qb6 23. Rac1 Bc5 24. Rxd7 Bxf2+ 25. Kh1 Qe3 26. Bh5 Bxd7 27. Qc4+ Kh7 28. Qe2 f5 29. Rc2 fxe4 30. Bxe5 Qxe2 31. Rxe2 e3 32. Bf4 g5 33. Bxe3 Bxe3 0-1

[Event "OLNN 2223 SC Königsspringer HH - Schac"]
[Site "?"]
[Date "2022.12.11"]
[Round "3.8"]
[White "Cremer, Jochen"]
[Black "Dietz, Juergen"]
[Result "0-1"]
[WhiteElo "2091"]
[BlackElo "2110"]
[PlyCount "90"]
[EventDate "2022.??.??"]

1. c4 f5 2. Nc3 Nf6 3. g3 g6 4. Bg2 Bg7 5. d3 d6 6. e4 fxe4 7. dxe4 O-O 8. Nge2 c6 9. O-O Qa5 10. Bd2 Ng4 11. Nf4 Na6 12. Qe2 Nc5 13. b4 Qxb4 14. Ncd5 Qa3 15. Nxe7+ Kh8 16. Rad1 Ne5 17. Bc1 Qb4 18. Nxc8 Raxc8 19. Bh3 Rce8 20. Rxd6 Nxe4 21. Re6 Ng5 22. Rxe8 Nxh3+ 23. Nxh3 Rxe8 24. f4 Qxc4 25. Qe3 Rf8 26. Bb2 Nf3+ 27. Qxf3 Bxb2 28. Ng5 Re8 29. f5 Bf6 30. Nxh7 Bd4+ 31. Kh1 Kxh7 32. fxg6+ Kg7 33. Rd1 c5 34. Qh5 Rh8 35. Qf5 Rf8 36. Qd7+ Kxg6 37. Qg4+ Kh7 38. Qh5+ Kg8 39. Qg4+ Kh8 40. Qh5+ Kg7 41. Qg5+ Kf7 42. Qf4+ Ke6 43. Re1+ Kd7 44. Qg4+ Kd6 45. Qg6+ Rf6 0-1

[Event "OLNN 2223 Hamburger SK III - SF Schweri"]
[Site "?"]
[Date "2022.12.11"]
[Round "3.1"]
[White "Hilwerda, Jonas"]
[Black "Gaede, Derek"]
[Result "1-0"]
[WhiteElo "2274"]
[BlackElo "2305"]
[PlyCount "59"]
[EventDate "2022.??.??"]

1. e4 e6 2. d4 d5 3. Nc3 Nf6 4. Bg5 Be7 5. e5 Nfd7 6. h4 h6 7. Bxe7 Qxe7 8. f4 O-O 9. g4 f6 10. exf6 Qxf6 11. Nge2 c5 12. g5 Qf7 13. gxh6 gxh6 14. dxc5 Nc6 15. b4 Nxb4 16. Rg1+ Kh7 17. a3 Nc6 18. Qd3+ Kh8 19. Qe3 Qf6 20. O-O-O b6 21. h5 d4 22. Qf3 dxc3 23. Qxc6 Nxc5 24. Qxa8 Bb7 25. Qxa7 Be4 26. Qc7 Bxc2 27. Kxc2 Qf5+ 28. Kxc3 Na4+ 29. Kd2 Qa5+ 30. Ke3 1-0

[Event "OLNN 2223 Hamburger SK III - SF Schweri"]
[Site "?"]
[Date "2022.12.11"]
[Round "3.2"]
[White "Spiric, Igor"]
[Black "Reichmann, Hendrik"]
[Result "1/2-1/2"]
[WhiteElo "2269"]
[BlackElo "2316"]
[PlyCount "38"]
[EventDate "2022.??.??"]

1. Nf3 Nf6 2. g3 g6 3. Bg2 Bg7 4. O-O O-O 5. d4 d6 6. Nc3 Nbd7 7. d5 e5 8. dxe6 fxe6 9. Nd4 Qe7 10. e4 e5 11. Nb3 c6 12. a4 Rd8 13. h3 Nf8 14. Qe2 Nh5 15. Be3 Ne6 16. Kh2 Kh8 17. Rad1 b6 18. Bf3 Nf6 19. Bg2 Nh5 1/2-1/2

[Event "OLNN 2223 Hamburger SK III - SF Schweri"]
[Site "?"]
[Date "2022.12.11"]
[Round "3.3"]
[White "Wolf, Christoph"]
[Black "Holinka, Henning"]
[Result "1/2-1/2"]
[WhiteElo "2178"]
[BlackElo "2256"]
[PlyCount "49"]
[EventDate "2022.??.??"]

1. e4 c5 2. Nf3 d6 3. Nc3 Nf6 4. e5 dxe5 5. Nxe5 Nbd7 6. Nc4 Nb6 7. b3 e6 8. g3 Be7 9. Bb2 Nxc4 10. bxc4 Bd7 11. Bg2 Qb6 12. Rb1 Bc6 13. Nd5 Nxd5 14. cxd5 Bxd5 15. Bxd5 exd5 16. O-O Qg6 17. Re1 Kf8 18. Qf3 Rd8 19. d4 h5 20. Ba3 Qc6 21. Qe3 Bf6 22. Bxc5+ Kg8 23. Qf3 h4 24. Be7 Bxe7 25. Rxe7 1/2-1/2

[Event "OLNN 2223 Hamburger SK III - SF Schweri"]
[Site "?"]
[Date "2022.12.11"]
[Round "3.4"]
[White "Kugler, Florian"]
[Black "Rittemann, Steffen"]
[Result "1/2-1/2"]
[WhiteElo "2207"]
[BlackElo "2149"]
[PlyCount "22"]
[EventDate "2022.??.??"]

1. c4 Nf6 2. Nc3 g6 3. g3 Bg7 4. Bg2 O-O 5. Nf3 d6 6. O-O Nc6 7. d3 e5 8. Bg5 h6 9. Bd2 Be6 10. a3 Qc8 11. Rc1 Re8 1/2-1/2

[Event "OLNN 2223 Hamburger SK III - SF Schweri"]
[Site "?"]
[Date "2022.12.11"]
[Round "3.6"]
[White "Pulkkinen, Kari"]
[Black "Heinsohn, Wilfried"]
[Result "1-0"]
[WhiteElo "2187"]
[BlackElo "2120"]
[PlyCount "100"]
[EventDate "2022.??.??"]

1. e4 d5 2. exd5 Qxd5 3. Nc3 Qd6 4. d4 Nf6 5. Nf3 a6 6. Ne5 Nc6 7. Nxc6 Qxc6 8. d5 Qd6 9. g3 Bg4 10. f3 Bd7 11. Bf4 Qb6 12. Qd2 e6 13. O-O-O Be7 14. Bc4 O-O-O 15. dxe6 Bxe6 16. Qe2 Rxd1+ 17. Rxd1 Rd8 18. Bxe6+ Qxe6 19. Qxe6+ fxe6 20. Re1 Kd7 21. Be5 Bb4 22. a3 Bxc3 23. Bxc3 Ke7 24. Be5 Rd7 25. Re3 g6 26. Rb3 c5 27. c4 Ne8 28. Rb6 h5 29. h4 Nf6 30. Kc2 Nh7 31. Bf4 Kf6 32. Bd6 Kf5 33. Bxc5 g5 34. Rd6 Rc7 35. b4 gxh4 36. gxh4 Nf6 37. Kd3 Nd7 38. Bd4 Ne5+ 39. Bxe5 Kxe5 40. Rb6 Kf4 41. Rxe6 Kxf3 42. c5 Kg4 43. Re4+ Kf3 44. Rd4 Rg7 45. a4 Rg1 46. b5 axb5 47. axb5 Rb1 48. Kc4 Ke3 49. Rd5 Rc1+ 50. Kb4 Ra1 1-0

[Event "OLNN 2223 Hamburger SK III - SF Schweri"]
[Site "?"]
[Date "2022.12.11"]
[Round "3.7"]
[White "Schulz, Karsten"]
[Black "Brinkmann, Fabian"]
[Result "1/2-1/2"]
[WhiteElo "2266"]
[BlackElo "2143"]
[PlyCount "83"]
[EventDate "2022.??.??"]

1. Nf3 Nf6 2. g3 b5 3. Bg2 Bb7 4. d3 e6 5. e4 d6 6. O-O Be7 7. Nbd2 O-O 8. Qe2 a6 9. d4 Nbd7 10. e5 Nd5 11. Ne4 Qb8 12. Bg5 Bxg5 13. Nexg5 h6 14. Ne4 f5 15. exf6 N5xf6 16. Nfd2 Qa7 17. c3 Rae8 18. Nxf6+ Nxf6 19. Ne4 Nxe4 20. Bxe4 e5 21. Bxb7 Qxb7 22. Rae1 exd4 23. Qxe8 Rxe8 24. Rxe8+ Kf7 25. Rfe1 c5 26. cxd4 cxd4 27. R8e2 Qd5 28. b3 Kf6 29. Rd2 g5 30. f3 Qc5 31. Kg2 Qc3 32. Red1 Ke5 33. Rd3 Qb2+ 34. R1d2 Qa1 35. Re2+ Kd5 36. Red2 a5 37. Kh3 h5 38. Kg2 a4 39. bxa4 bxa4 40. Ra3 Qc1 41. Rad3 Qc4 42. Kf2 1/2-1/2

[Event "OLNN 2223 Hamburger SK III - SF Schweri"]
[Site "?"]
[Date "2022.12.11"]
[Round "3.8"]
[White "Weihrauch, Jakob"]
[Black "Helms, Sven"]
[Result "1-0"]
[WhiteElo "2214"]
[BlackElo "1944"]
[PlyCount "77"]
[EventDate "2022.??.??"]

1. e4 d5 2. exd5 Qxd5 3. Nc3 Qd8 4. d4 Nf6 5. Nf3 e6 6. Bc4 Be7 7. O-O O-O 8. Ne5 Nbd7 9. Bg5 h6 10. Be3 Nb6 11. Bd3 Nfd5 12. Nxd5 exd5 13. Qf3 Be6 14. Rfe1 Nd7 15. Bxh6 gxh6 16. Qg3+ Bg5 17. h4 Kh8 18. hxg5 Qxg5 19. Ng6+ fxg6 20. Qxg5 hxg5 21. Rxe6 Rf6 22. Re7 Rd8 23. Rae1 Kg8 24. R1e6 Rxe6 25. Rxe6 Nf8 26. Re5 Kg7 27. Rxg5 Kf6 28. f4 c6 29. Kf2 Rd7 30. g4 Rg7 31. Re5 Ne6 32. g5+ Kf7 33. Bxg6+ Kxg6 34. Rxe6+ Kf5 35. Rf6+ Ke4 36. g6 Kxd4 37. f5 Ke5 38. Rf7 Rg8 39. g7 1-0

[Event "OLNN 2223 Lübecker SV - SV Bad Schwart"]
[Site "?"]
[Date "2022.12.11"]
[Round "3.1"]
[White "Schmid, Thomas"]
[Black "Kalinitschew, Sergey"]
[Result "0-1"]
[WhiteElo "2206"]
[BlackElo "2387"]
[PlyCount "104"]
[EventDate "2022.??.??"]

1. d4 Nf6 2. Bf4 d6 3. Nc3 Nbd7 4. Nf3 c6 5. e4 Qa5 6. Bd2 e5 7. Nd5 Qd8 8. Nxf6+ Qxf6 9. c3 h6 10. Qc2 a5 11. a4 Be7 12. Be2 Nf8 13. h3 Ne6 14. dxe5 dxe5 15. g3 Bc5 16. Qc1 Ba7 17. Be3 Nc5 18. Qc2 Be6 19. Nd2 O-O 20. b4 Nd7 21. Bxa7 Rxa7 22. Kf1 Qe7 23. Rb1 axb4 24. cxb4 c5 25. bxc5 Qxc5 26. Qxc5 Nxc5 27. Bb5 Rd8 28. Ke2 Nxa4 29. Bxa4 Rxa4 30. Rxb7 Ra2 31. Rd1 Bxh3 32. f3 Be6 33. Rb4 h5 34. Ke1 Ra3 35. Rdb1 Kh7 36. R1b2 Ra1+ 37. Rb1 Ra3 38. R1b2 Re3+ 39. Kf2 Red3 40. Ke2 g5 41. Nf1 g4 42. fxg4 Bxg4+ 43. Kf2 Rf3+ 44. Kg2 Rdd3 45. Rf2 Bh3+ 46. Kg1 Rxf2 47. Kxf2 Bxf1 48. Kxf1 Rxg3 49. Kf2 h4 50. Rb6 Kg7 51. Ra6 Rg4 52. Kf3 Rf4+ 0-1

[Event "OLNN 2223 Lübecker SV - SV Bad Schwart"]
[Site "?"]
[Date "2022.12.11"]
[Round "3.3"]
[White "Masio, Andreas"]
[Black "Bornholdt, Joa Max"]
[Result "1/2-1/2"]
[WhiteElo "2003"]
[BlackElo "2304"]
[PlyCount "100"]
[EventDate "2022.??.??"]

1. e4 e5 2. Nf3 Nc6 3. Bb5 g6 4. Nc3 Bg7 5. d3 Nge7 6. Bg5 h6 7. Bh4 a6 8. Ba4 g5 9. Bg3 d6 10. Nd5 O-O 11. Ne3 Be6 12. c3 f5 13. exf5 Nxf5 14. Bb3 Qd7 15. Ng4 Rf7 16. h3 Nxg3 17. fxg3 Raf8 18. Qe2 Ne7 19. Bxe6 Qxe6 20. O-O Nf5 21. Kh2 Re7 22. Ne3 c6 23. Nxf5 Qxf5 24. Nd2 Qe6 25. Rxf8+ Bxf8 26. a3 Rf7 27. d4 Bg7 28. Re1 Qf5 29. Rf1 Qg6 30. dxe5 Bxe5 31. Nf3 Qf5 32. Re1 Re7 33. Nxe5 Rxe5 34. Qd2 d5 35. Rxe5 Qxe5 36. Qd3 Kg7 37. Qf3 c5 38. Qg4 Qd6 39. Qc8 b5 40. b4 c4 41. Qb7+ Kg6 42. Qa7 d4 43. cxd4 c3 44. Qb7 Qxd4 45. Qxa6+ Kf5 46. Qxb5+ Ke4 47. Qe2+ Qe3 48. Qc4+ Qd4 49. Qe2+ Qe3 50. Qc4+ Qd4 1/2-1/2

[Event "OLNN 2223 Lübecker SV - SV Bad Schwart"]
[Site "?"]
[Date "2022.12.11"]
[Round "3.4"]
[White "Christ, Ralf"]
[Black "Toenniges, Thomas"]
[Result "1-0"]
[WhiteElo "2246"]
[BlackElo "2064"]
[PlyCount "149"]
[EventDate "2022.??.??"]

1. e4 e6 2. d4 d5 3. Bd3 dxe4 4. Bxe4 Nf6 5. Bf3 Be7 6. Ne2 O-O 7. c3 Nbd7 8. O-O c6 9. Bf4 Nd5 10. Bg3 Re8 11. Nd2 Nf8 12. Qc2 Ng6 13. Nc4 Nh4 14. Be4 g6 15. Rad1 Bg5 16. Nd6 Rf8 17. c4 Nf6 18. Bd3 Nh5 19. Nxc8 Rxc8 20. Be5 Ng7 21. Qb3 Qe7 22. Nc3 Nhf5 23. Bxf5 Nxf5 24. Ne4 f6 25. Bg3 Bh6 26. c5 Nxg3 27. hxg3 Rb8 28. Qc4 f5 29. Nd6 Kh8 30. Rfe1 Rf6 31. Re2 f4 32. gxf4 Bxf4 33. Rde1 Bxd6 34. Rxe6 Rxe6 35. Rxe6 Bh2+ 36. Kxh2 Qh4+ 37. Kg1 Rd8 38. Qc3 Rd5 39. Qf3 Kg7 40. Re4 Qd8 41. Qe3 Rd7 42. g3 Qf6 43. b4 a6 44. a3 h5 45. Re5 Rf7 46. Re6 Qf5 47. Qe5+ Qxe5 48. Rxe5 Rd7 49. Re4 Kf6 50. Kg2 Kf5 51. Kf3 g5 52. Re5+ Kf6 53. Ke4 Rh7 54. f4 gxf4 55. Rf5+ Kg6 56. Kxf4 Rd7 57. Rg5+ Kh6 58. d5 cxd5 59. Re5 Rf7+ 60. Rf5 Rxf5+ 61. Kxf5 d4 62. Ke4 Kg5 63. a4 Kg4 64. b5 axb5 65. axb5 Kxg3 66. c6 bxc6 67. b6 h4 68. b7 h3 69. b8=Q+ Kg2 70. Qg8+ Kf2 71. Qf7+ Kg2 72. Qf3+ Kh2 73. Qf2+ Kh1 74. Kf3 c5 75. Kg3 1-0

[Event "OLNN 2223 Lübecker SV - SV Bad Schwart"]
[Site "?"]
[Date "2022.12.11"]
[Round "3.5"]
[White "Sallandt, Frido"]
[Black "Krause, Ullrich"]
[Result "1/2-1/2"]
[WhiteElo "1751"]
[BlackElo "2190"]
[PlyCount "38"]
[EventDate "2022.??.??"]

1. e4 e6 2. d4 d5 3. Nd2 a6 4. Bd3 c5 5. c3 Nc6 6. Ngf3 Nf6 7. O-O cxd4 8. cxd4 Nb4 9. Bb1 dxe4 10. Nxe4 Nbd5 11. a3 Be7 12. Re1 O-O 13. Qd3 b5 14. Bg5 g6 15. Ng3 Bb7 16. h4 Ng4 17. Qe4 Ngf6 18. Qd3 Ng4 19. Qe4 Ngf6 1/2-1/2

[Event "OLNN 2223 Lübecker SV - SV Bad Schwart"]
[Site "?"]
[Date "2022.12.11"]
[Round "3.6"]
[White "Ehrke, Michael"]
[Black "Schwarz, Oliver"]
[Result "1-0"]
[WhiteElo "2156"]
[BlackElo "2104"]
[PlyCount "119"]
[EventDate "2022.??.??"]

1. d4 d5 2. Bf4 Nf6 3. e3 e6 4. Nf3 Bd6 5. c3 Bxf4 6. exf4 Ne4 7. Nbd2 O-O 8. Nxe4 dxe4 9. Nd2 f5 10. Bc4 Qd6 11. g3 Nd7 12. Qb3 Nf6 13. f3 exf3 14. Nxf3 a6 15. a4 Rb8 16. O-O b5 17. axb5 axb5 18. Rae1 Ne4 19. Ng5 Rb6 20. Nxe4 bxc4 21. Nxd6 cxb3 22. Nxc8 Rxc8 23. Re5 Rd8 24. Rc5 Rb7 25. Ra1 Kf7 26. Ra6 Ke7 27. Kf2 Rd6 28. Ra8 Rd8 29. Rxd8 Kxd8 30. Ra5 Kd7 31. Ke3 h5 32. h4 Kd6 33. Kd3 Rb8 34. Kc4 g6 35. Ra6+ Kd7 36. Ra3 Kd6 37. Kd3 Rb6 38. c4 c5 39. Ra5 Rc6 40. Ra3 Rb6 41. Kc3 cxd4+ 42. Kxd4 Rb7 43. Ra8 Ke7 44. Ra6 Rd7+ 45. Kc3 Rd1 46. Kxb3 Rd3+ 47. Kb4 Rxg3 48. c5 e5 49. fxe5 f4 50. Rf6 f3 51. c6 g5 52. hxg5 h4 53. g6 h3 54. Rf7+ Kd8 55. e6 Rxg6 56. Rxf3 Rh6 57. Rf8+ Ke7 58. c7 h2 59. c8=Q h1=Q 60. Qd7+ 1-0

[Event "OLNN 2223 Lübecker SV - SV Bad Schwart"]
[Site "?"]
[Date "2022.12.11"]
[Round "3.7"]
[White "Mueller, Friedrich"]
[Black "Lampe, Dirk"]
[Result "1/2-1/2"]
[WhiteElo "1947"]
[BlackElo "2139"]
[PlyCount "90"]
[EventDate "2022.??.??"]

1. Nf3 g6 2. g3 Bg7 3. Bg2 Nf6 4. O-O O-O 5. c4 d6 6. d4 c6 7. b3 d5 8. Nbd2 Ne4 9. Bb2 a5 10. e3 Bg4 11. Qc1 Bxf3 12. Bxf3 Nxd2 13. Qxd2 e6 14. c5 Nd7 15. Bc3 Qf6 16. Bg2 Nxc5 17. Bxa5 Ne4 18. Bxe4 dxe4 19. Bb4 Rfd8 20. Qc2 Qf3 21. a4 Rd5 22. Qd1 Rad8 23. Qxf3 exf3 24. Bc5 Rxc5 25. dxc5 Bxa1 26. Rxa1 Rd3 27. Rb1 f5 28. h3 e5 29. g4 Rd2 30. b4 Kf7 31. b5 Ke6 32. bxc6 bxc6 33. Rb7 Ra2 34. Rxh7 fxg4 35. Rg7 Kd5 36. hxg4 Rxa4 37. Rxg6 Kxc5 38. Kh2 e4 39. Kg3 Ra1 40. g5 Kd5 41. Kf4 Rf1 42. Rg8 Rxf2 43. Rd8+ Ke6 44. Kxe4 Rg2 45. Kxf3 Rxg5 1/2-1/2

[Event "OLNN 2223 Preetzer TSV - FC St. Pauli I"]
[Site "?"]
[Date "2022.12.11"]
[Round "3.1"]
[White "Mueller, Fabian"]
[Black "Pedersen, Steffen"]
[Result "1/2-1/2"]
[WhiteElo "2310"]
[BlackElo "2337"]
[PlyCount "44"]
[EventDate "2022.??.??"]

1. d4 Nf6 2. c4 e6 3. Nf3 d5 4. Nc3 Be7 5. Bg5 h6 6. Bh4 O-O 7. e3 b6 8. cxd5 Nxd5 9. Bxe7 Qxe7 10. Nxd5 exd5 11. Rc1 Be6 12. Qa4 c5 13. Qa3 Rc8 14. Bb5 Qb7 15. dxc5 bxc5 16. Rxc5 Rxc5 17. Qxc5 Na6 18. Qc6 Qxc6 19. Bxc6 Rb8 20. O-O Rxb2 21. Nd4 Nb4 22. a3 Nc2 1/2-1/2

[Event "OLNN 2223 Preetzer TSV - FC St. Pauli I"]
[Site "?"]
[Date "2022.12.11"]
[Round "3.2"]
[White "Moeller, Dustin"]
[Black "Voigt, Martin"]
[Result "0-1"]
[WhiteElo "2252"]
[BlackElo "2322"]
[PlyCount "110"]
[EventDate "2022.??.??"]

1. Nf3 d5 2. e3 Nf6 3. c4 c6 4. Nc3 Nbd7 5. d4 e6 6. Be2 dxc4 7. a4 Bd6 8. Nd2 O-O 9. Nxc4 Bb4 10. O-O a5 11. Qc2 Qc7 12. f4 c5 13. Nb5 Qd8 14. Bd2 Bxd2 15. Qxd2 b6 16. dxc5 Ne4 17. Qd4 Nexc5 18. Rad1 Bb7 19. Ncd6 Bc6 20. Bf3 Bxf3 21. gxf3 Qf6 22. Qxf6 Nxf6 23. Nc3 Rab8 24. Rd4 Rfd8 25. Rfd1 Kf8 26. Nc4 Rxd4 27. Rxd4 g6 28. Kf2 Nxa4 29. Nxa4 b5 30. Nxa5 bxa4 31. Rd2 Rc8 32. e4 Ke7 33. Ke3 Rc5 34. Nb7 Rb5 35. Nd6 Rb3+ 36. Ke2 Nh5 37. f5 Nf4+ 38. Kd1 Rxf3 39. fxg6 hxg6 40. e5 Nd5 41. Rd4 Rf2 42. Rxa4 f5 43. Ra7+ Kf8 44. b4 Nc3+ 45. Kc1 Na2+ 46. Kd1 Nxb4 47. Rf7+ Kg8 48. Rf6 Kg7 49. Rxe6 Nd5 50. h4 Rh2 51. Re8 f4 52. Rd8 Ne3+ 53. Ke1 f3 54. Rd7+ Kh6 55. Rf7 Re2# 0-1

[Event "OLNN 2223 Preetzer TSV - FC St. Pauli I"]
[Site "?"]
[Date "2022.12.11"]
[Round "3.3"]
[White "Jahncke, Giso"]
[Black "Schwarz, Frank"]
[Result "1/2-1/2"]
[WhiteElo "2261"]
[BlackElo "2227"]
[PlyCount "59"]
[EventDate "2022.??.??"]

1. d4 d5 2. Nf3 Nf6 3. c4 e6 4. g3 dxc4 5. Bg2 c5 6. O-O Nc6 7. Ne5 Nxe5 8. dxe5 Qxd1 9. Rxd1 Nd5 10. Na3 Bd7 11. Nxc4 Bb5 12. b3 O-O-O 13. a4 Bc6 14. Na5 Be7 15. Nxc6 bxc6 16. Bd2 Rd7 17. Rdc1 Rb7 18. Rab1 Kd7 19. e4 Nc7 20. Bf1 Rhb8 21. Bc4 Ke8 22. g4 Na8 23. a5 Rd7 24. Be3 Nc7 25. Be2 Nb5 26. Bxc5 Nd4 27. Bd1 Rb5 28. Bxd4 Rxd4 29. Rxc6 Rxe5 30. Rc2 1/2-1/2

[Event "OLNN 2223 Preetzer TSV - FC St. Pauli I"]
[Site "?"]
[Date "2022.12.11"]
[Round "3.4"]
[White "Reinecker, Kai"]
[Black "Stenner, Patrick"]
[Result "1/2-1/2"]
[WhiteElo "2243"]
[BlackElo "2273"]
[PlyCount "29"]
[EventDate "2022.??.??"]

1. e4 c6 2. d4 d5 3. Nc3 dxe4 4. Nxe4 Nf6 5. Nxf6+ exf6 6. c3 Bd6 7. Bd3 O-O 8. Ne2 Re8 9. O-O Nd7 10. Bf4 Nf8 11. Bxd6 Qxd6 12. Qd2 Ng6 13. f4 f5 14. Ng3 Ne7 15. Rae1 1/2-1/2

[Event "OLNN 2223 Preetzer TSV - FC St. Pauli I"]
[Site "?"]
[Date "2022.12.11"]
[Round "3.5"]
[White "Breyther, Ruediger"]
[Black "Skaanning-Pedersen, Kim Henrik"]
[Result "1/2-1/2"]
[WhiteElo "2254"]
[BlackElo "2268"]
[PlyCount "32"]
[EventDate "2022.??.??"]

1. e4 g6 2. d4 Bg7 3. Nf3 d6 4. Be2 Nf6 5. Nc3 O-O 6. O-O a6 7. a4 Nc6 8. d5 Nb4 9. h3 e6 10. Bc4 exd5 11. exd5 c6 12. Bb3 Nfxd5 13. Nxd5 Nxd5 14. Bxd5 cxd5 15. Qxd5 Qb6 16. Rd1 Bf5 1/2-1/2

[Event "OLNN 2223 Preetzer TSV - FC St. Pauli I"]
[Site "?"]
[Date "2022.12.11"]
[Round "3.6"]
[White "Skibbe, Willi"]
[Black "Hess, Christian"]
[Result "1/2-1/2"]
[WhiteElo "2189"]
[BlackElo "2216"]
[PlyCount "27"]
[EventDate "2022.??.??"]

1. c4 c6 2. Nf3 d5 3. d4 Nf6 4. Nbd2 g6 5. e3 Bg7 6. Bd3 O-O 7. O-O Nbd7 8. b3 e5 9. cxd5 exd4 10. Ba3 dxe3 11. dxc6 exd2 12. cxd7 Nxd7 13. Bxf8 Bxa1 14. Qxd2 1/2-1/2